000 00511nam a22001817a 4500
005 20251126182607.0
008 251120b |||||||| |||| 00| 0 eng d
020 _a978-81-19613-66-3
041 _aeng
082 _a615 CHO-A
100 _aCHOUHAN, MR. DEEPESH
_98757
245 _aALL-IN-ONE PRACTICAL BOOK FOR B. PHARMA COURSE FOR [1ST SEMESTER]
250 _a1ST ED, 2025
260 _aNEW DELHI
_bINNOVATIVE PUBLICATION PVT.LTD
_c2025
300 _a159;P
650 _aPHARMACY
_x B. PHARMA
942 _cBK
999 _c8930
_d8928